00517 2200193 4500001002100000005001500021035002000036007000300056008004100059020002200100082000800122084001400130100001400144245005900158250001100217260004800228300003000276650001700306INLIS00000000000150620230110095539 a0010-0123000004ta230110 d f ind  a978-602-03847-6-0 a813 a813 TER d0 aTere Liye1 aDaun Yang Jatuh Tak Pernah Membenci Angin /cTere Liye aCet. 1 aJakarta :bPT Gramedia Pustaka Utama,c2010 a264 hlm. ;c13 cm x 20 cm aNovel Remaja